[Event "3rd Livigno Open A"]
[Site "Livigno ITA"]
[Date "2012.09.12"]
[Round "3.14"]
[White "Minko,V"]
[Black "Zhou,Y"]
[Result "1-0"]
[WhiteElo "2293"]
[BlackElo "2414"]

1.d4 Nf6 2.c4 g6 3.Nc3 Bg7 4.e4 O-O 5.Nf3 d6 6.Be2 e5 7.dxe5 dxe5 8.Qxd8 Rxd8
9.Bg5 Re8 10.O-O-O h6 11.Be3 Ng4 12.Nd5 Na6 13.c5 Nxe3 14.fxe3 Nxc5 15.Nxc7 Be6
16.Kb1 Nxe4 17.Nxa8 Rxa8 18.Rc1 b6 19.Bc4 Bf5 20.Ka1 Nf2 21.Rhf1 Nd3 22.Bxd3 Bxd3
23.Rfd1 e4 24.Ne1 Bf1 25.Rd2 Be5 26.Nc2 Bc4 27.g3 a6 28.Ne1 Bb5 29.Rd5 f6
30.Rcd1 Kf7 31.Rd8 Rxd8 32.Rxd8 h5 33.Kb1 h4 34.gxh4 Bxh2 35.Kc2 Bg3 36.Ng2 Bf1
37.Nf4 Bxh4 38.Rd7+ Ke8 39.Rd1 Bb5 40.Nxg6 Bf2 41.Kd2 Kd7 42.Nf4 Kc6 43.Rh1 Kd6
44.Rh8 Bd7 45.Rb8 Kc5 46.Ne2 a5 47.Rf8 Bh4 48.Nd4 a4 49.Rd8 Bg4 50.Re8 Kd5
51.Ra8 f5 52.Ne2 Bxe2 53.Kxe2 Bf6 54.Rxa4 Bxb2 55.Rb4  1-0

[Event "3rd Livigno Open A"]
[Site "Livigno ITA"]
[Date "2012.09.14"]
[Round "6.17"]
[White "Hainke,G"]
[Black "Sharma,Di"]
[Result "0-1"]
[WhiteElo "2318"]
[BlackElo "2361"]

1.d4 Nf6 2.c4 g6 3.Nc3 Bg7 4.e4 d6 5.Nf3 O-O 6.Be2 Na6 7.O-O e5 8.Be3 Ng4
9.Bg5 Qe8 10.dxe5 dxe5 11.Qc1 c6 12.h3 Nf6 13.Rd1 Nc5 14.Qc2 Ne6 15.Be3 Nh5
16.c5 Qe7 17.b4 Nhf4 18.Bf1 Qf6 19.h4 Qe7 20.Rd6 f5 21.Re1 Nh5 22.exf5 gxf5
23.Bd2 e4 24.Nxe4 fxe4 25.Qxe4 Nf6 26.Rxe6 Qxe6 27.Qxe6+ Bxe6 28.Rxe6 Rfe8
29.Ng5 h6 30.Bc4 Nd5 31.b5 hxg5 32.bxc6 bxc6 33.Rxc6 Kf8 34.Bxd5 Rad8 35.Rd6 Be5
36.Ba5 Rxd6 37.cxd6 Bxd6 38.Bb3 gxh4 39.Kf1 Kg7 40.Bc3+ Kg6 41.Bd4 a5 42.Be3 Rc8
43.Ke2 Bc5 44.Bd2 Bb6 45.f4 Kf5 46.Kf3 Rc5 47.Bg8 Rc7 48.Bd5 Re7 49.Bb3 Rc7
50.Bd5 Rc8 51.Be4+ Ke6 52.Be1 Bd8 53.Kg4 Rc1 54.Bf5+ Kd6 55.Bxh4 Bxh4 56.Kxh4 Ra1
57.Kg5 Rxa2 58.g4 a4 59.Bd3 a3 60.Bc4 Rc2 61.Bb3 Rb2 62.Bg8 Ke7 63.f5 Kf8
64.Bd5 a2 65.Bxa2 Rxa2 66.Kg6 Kg8 67.g5 Ra6+ 68.f6 Ra5  0-1

[Event "3rd Livigno Open A"]
[Site "Livigno ITA"]
[Date "2012.09.14"]
[Round "6.25"]
[White "Iasman,I"]
[Black "Kock,HU"]
[Result "1-0"]
[WhiteElo "2002"]
[BlackElo "2038"]

1.d4 Nf6 2.c4 g6 3.Nc3 Bg7 4.e4 d6 5.Be2 O-O 6.Nf3 e5 7.Be3 Nc6 8.d5 Ne7
9.Nd2 Ne8 10.b4 f5 11.f3 Nf6 12.c5 f4 13.Bf2 g5 14.Nc4 Ng6 15.cxd6 cxd6 16.Nb5 Ne8
17.Nxa7 Nh4 18.Rg1 Kh8 19.Rc1 Bd7 20.a4 Rf7 21.Nb6 Rxa7 22.Nxd7 Rxd7 23.Bxa7 b6
24.Qc2 Rxa7 25.Qc8 Ra8 26.Qxd8 Rxd8 27.Rc6 Rb8 28.Kf2 Ng6 29.Rgc1 Ne7 30.R6c2 Kg8
31.Bb5 Kf7 32.Bd7 Bf6 33.a5 bxa5 34.bxa5 Ra8 35.Ra2 Ra7 36.Be6+ Kf8 37.a6 Ng7
38.Bc8 Nxc8 39.Rxc8+ Ke7 40.Rb8 Kd7 41.Rab2 Ne8 42.R8b7+ Rxb7 43.axb7 Ng7  1-0

[Event "zt 3.5 China Men 2012"]
[Site "Beijing CHN"]
[Date "2012.09.15"]
[Round "2.5"]
[White "Yan,Xuesong"]
[Black "Wan Yunguo"]
[Result "0-1"]
[WhiteElo "1808"]
[BlackElo "2474"]

1.d4 Nf6 2.c4 g6 3.Nc3 Bg7 4.e4 d6 5.Nf3 O-O 6.Be2 e5 7.dxe5 dxe5 8.Qxd8 Rxd8
9.Bg5 c6 10.O-O Bg4 11.Rad1 Nbd7 12.h3 Bxf3 13.Bxf3 Nc5 14.g3 a5 15.Be3 Bf8
16.Bg2 Rd3 17.Bxc5 Rxd1 18.Rxd1 Bxc5 19.Ne2 Kf8 20.Kf1 Ke7 21.f3 a4 22.h4 Ne8
23.Bh3 Nd6 24.Rc1 Rd8 25.Ke1 Bb4+ 26.Kf1 Ne8 27.Rc2 Rd3 28.Kg2 Nd6 29.c5 Nb5
30.Bc8 Nc7 31.Rc4 Rd2 32.Rxb4 Rxe2+ 33.Kf1 Rc2 34.Bxb7 Kd7 35.Rxa4 Rxb2 36.Ba6 Ne6
37.Bc4 Nxc5 38.Ra7+ Kd6 39.Rxf7 Rb4 40.Be2 Ne6 41.Rxh7 Nd4 42.Bd3 c5 43.Rg7 c4
44.Rxg6+ Kc5 45.Bxc4 Kxc4 46.h5 Rb2 47.f4 Kd3 48.fxe5 Ke3 49.e6 Nf3  0-1

[Event "6th Hum na Sutli Open"]
[Site "Hum na Sutli CRO"]
[Date "2012.09.15"]
[Round "9.1"]
[White "Muslija,I"]
[Black "Martinovic,Sa"]
[Result "1/2-1/2"]
[WhiteElo "2249"]
[BlackElo "2517"]

1.Nf3 Nf6 2.d4 g6 3.c4 Bg7 4.Nc3 O-O 5.e4 d6 6.Be2 Na6 7.O-O e5 8.Bg5 h6
9.Be3 Ng4 10.Bc1 Re8 11.dxe5 Nxe5 12.Nd4 Nc5 13.Be3 a6 14.Qd2 Kh7 15.Rfe1 Ng4
16.Bxg4 Bxg4 17.f3 Bd7 18.Rad1 b6  1/2-1/2

[Event "TCh-HUN 2012-13"]
[Site "Paks HUN"]
[Date "2012.09.16"]
[Round "1"]
[White "Lizak,P"]
[Black "Tatar Kis,S"]
[Result "1/2-1/2"]
[WhiteElo "2428"]
[BlackElo "2370"]

1.Nf3 Nf6 2.c4 g6 3.Nc3 Bg7 4.d4 O-O 5.e4 d6 6.Be2 e5 7.O-O exd4 8.Nxd4 Re8
9.f3 Nc6 10.Be3 Nh5 11.Qd2 Nxd4 12.Bxd4 Nf4 13.Bxg7 Qg5 14.Kf2 Kxg7 15.Qd4+ Qe5
16.Rad1 Ne6 17.Qxe5+ dxe5 18.Rd2 c6 19.Rfd1 Nd4 20.Na4 b6 21.Bf1 Be6 22.b4 Reb8
23.Nc3 Rb7 24.Ne2 a5 25.bxa5 Nxe2 26.Bxe2 Rxa5 27.Rb1 Ra4 28.Rdb2 Bxc4 29.Bxc4 Rxc4
30.Rxb6 Rc2+ 31.Kg3 Ra7 32.R1b2 Rxa2  1/2-1/2

[Event "zt 3.5 China Men 2012"]
[Site "Beijing CHN"]
[Date "2012.09.17"]
[Round "6.13"]
[White "Bai,Jinshi"]
[Black "Dai,Changren"]
[Result "1-0"]
[WhiteElo "2250"]
[BlackElo "2134"]

1.d4 Nf6 2.c4 g6 3.Nc3 Bg7 4.e4 d6 5.Nf3 O-O 6.Be2 e5 7.O-O Na6 8.Be3 c6
9.Re1 Ng4 10.Bg5 Qc7 11.Rb1 Re8 12.d5 f6 13.Bd2 c5 14.a3 f5 15.Nh4 Nh6 16.Bxh6 Bxh6
17.exf5 gxf5 18.Bd3 Qf7 19.Nb5 Bf8 20.g3 Bd7 21.Nc3 e4 22.Bc2 Bg7 23.f3 Bd4+
24.Kh1 e3 25.Qd3 Rf8 26.Ng2 Qh5 27.f4 Rae8 28.Ne2 Bg7 29.Nxe3 Re4 30.Nc3 Re7
31.Ng2 Rfe8 32.Rxe7 Rxe7 33.Re1 Rxe1+ 34.Nxe1 Nc7 35.Kg2 Ne8 36.Nf3 Bf6 37.b3 h6
38.Qe3 Qf7 39.a4 a6 40.Qd3 Qg7 41.Nd1 Qe7 42.Ne3 Ng7 43.Kf2 Kf8 44.Qd2 Qe8
45.Qa5 Bd8 46.Qc3 Qf7 47.Bd3 Ke8 48.Bc2 Bf6 49.Qd2 Bd8 50.h3 Be7 51.b4 b6
52.bxc5 bxc5 53.Qa5 Nh5 54.Qc3 Bf6 55.Qb3 Qg7 56.Nf1 Bd8 57.Qa3 Nf6 58.Qe3+ Kf8
59.Nh4 Ne4+ 60.Bxe4 fxe4 61.Qxe4 Qb2+ 62.Kf3 Bxa4 63.Ne3 Bxh4 64.gxh4 Qa1
65.Qf5+ Kg7 66.Qg4+ Kh7 67.Qf5+ Kg7 68.h5 Qh1+ 69.Kf2 Be8 70.Qg4+ Kh7 71.Qf5+ Kg7
72.Ng4 Qa1 73.Qe6 Qb2+ 74.Kg3 Qc3+ 75.Kh4 Qb2 76.Qxe8  1-0

[Event "US Chess League 2012"]
[Site "ICC INT"]
[Date "2012.09.17"]
[Round "3"]
[White "Perez,Rob"]
[Black "Sadorra,J"]
[Result "0-1"]
[WhiteElo "2355"]
[BlackElo "2531"]

1.d4 Nf6 2.c4 g6 3.Nc3 Bg7 4.e4 O-O 5.Nf3 d6 6.Be2 e5 7.O-O exd4 8.Nxd4 Re8
9.f3 c6 10.Kh1 Nh5 11.g4 Nf6 12.Bf4 h5 13.g5 Nh7 14.Qd2 Nd7 15.Rad1 Ne5 16.Be3 Bh3
17.Rfe1 Qe7 18.f4 Rad8 19.Bg1 Bg4 20.Bxg4 hxg4 21.Qe2 c5 22.Nd5 Qd7 23.Nb5 Nf3
24.Rf1 Qe6 25.e5 dxe5 26.Nbc7 Qc8 27.f5 Nhxg5 28.f6 Bf8 29.Be3 Ne4 30.Rxf3 gxf3
31.Qxf3 Qf5 32.Qg2 Rxd5 33.Nxd5 Nxf6 34.Rf1 Nxd5 35.cxd5 Qd7 36.Bg5 e4 37.h4 Qxd5
38.h5 Re5 39.Rg1 Be7 40.hxg6 Rxg5 41.gxf7+ Kf8 42.Qh3 e3+  0-1

[Event "3rd Livigno Open A"]
[Site "Livigno ITA"]
[Date "2012.09.17"]
[Round "9.9"]
[White "Valsecchi,A"]
[Black "Sharma,Di"]
[Result "1-0"]
[WhiteElo "2427"]
[BlackElo "2361"]

1.d4 Nf6 2.c4 g6 3.Nc3 Bg7 4.e4 d6 5.Nf3 O-O 6.Be2 Na6 7.O-O e5 8.Be3 Ng4
9.Bg5 Qe8 10.h3 f6 11.Bc1 Nh6 12.Re1 Nf7 13.a3 c6 14.b4 Nc7 15.d5 cxd5 16.exd5 Qe7
17.Bf1 Bd7 18.Ra2 Rfc8 19.Be3 Bh6 20.Bxh6 Nxh6 21.c5 Ne8 22.Ne4 Nf7 23.g4 f5
24.cxd6 Nexd6 25.Nc5 fxg4 26.Nd4 gxh3 27.Nde6 Bb5 28.Bxh3 Qh4 29.Re3 b6 30.f4 bxc5
31.bxc5 Nc4 32.Rc3 Qf6 33.fxe5 Qxe5 34.Rf3 Ne3 35.Qc1 Ng5 36.Nxg5 Qxg5+ 37.Rg2 Qxd5
38.Qxe3 Re8 39.Qc3 Re5 40.Rgf2 Bc6 41.Kh2 Rae8 42.Qb4 Qxc5 43.Rf8+  1-0

[Event "zt 3.5 China Men 2012"]
[Site "Beijing CHN"]
[Date "2012.09.20"]
[Round "11.4"]
[White "Xiu Deshun"]
[Black "Zhou Jianchao"]
[Result "0-1"]
[WhiteElo "2524"]
[BlackElo "2590"]

1.d4 Nf6 2.c4 g6 3.Nc3 Bg7 4.e4 d6 5.Nf3 O-O 6.Be2 Nbd7 7.O-O e5 8.Be3 c6
9.d5 c5 10.a3 h6 11.Ne1 h5 12.Nd3 Nb6 13.b3 Ng4 14.Bd2 Kh7 15.Rc1 Qe7 16.a4 Nh6
17.a5 Nd7 18.b4 cxb4 19.Na4 f5 20.exf5 Nxf5 21.Bxb4 b6 22.Bc3 Bh6 23.Rb1 bxa5
24.Bxa5 e4 25.Nb4 Ne5 26.Nc6 Nxc6 27.dxc6 Nh4 28.Bd2 e3 29.Bxe3 Qe4 30.Qd5 Qe7
31.Bxh6 Kxh6 32.Bd3 Bg4 33.Rbe1 Qf6 34.f3 Bf5 35.Bxf5 Nxf5 36.Re6 Qd4+ 37.Qxd4 Nxd4
38.Rxd6 Rfd8 39.Rxd8 Rxd8 40.c7 Rc8 41.Rd1 Nc6 42.Rd7 Ne5 43.Re7 Nc6 44.Re4 Rxc7
45.Kf2 Kg7 46.h4 Ne7 47.Ke3 Nf5+ 48.Kd3 Ng3 49.Re1 Nf5 50.Re4 Rd7+ 51.Kc3 Ng3
52.Re1 Nf5 53.Nc5 Rf7 54.Re4 Ng3 55.Re8 Nf5 56.Na6 Nxh4 57.c5 Rf6 58.Nb8 Nxg2
59.c6 Nf4 60.Kc2 Nd5 61.Rc8 Rxf3 62.Kd2 Rf7 63.Na6 h4 64.Rd8 h3 65.Re8 Re7
66.Rb8 Nb6 67.c7 h2 68.Rxb6 h1=Q 69.c8=Q Qe1+ 70.Kc2 Re2+ 71.Kb3 Qb1+  0-1

[Event "TCh-SRB Prem 2012"]
[Site "Valjevo SRB"]
[Date "2012.09.21"]
[Round "5.1"]
[White "Djuric,S"]
[Black "Popovic,Du"]
[Result "1-0"]
[WhiteElo "2445"]
[BlackElo "2583"]

1.d4 Nf6 2.c4 g6 3.Nc3 Bg7 4.e4 d6 5.Be2 O-O 6.Nf3 e5 7.O-O exd4 8.Nxd4 Re8
9.f3 c6 10.Nb3 a5 11.Na4 d5 12.exd5 cxd5 13.c5 Nc6 14.Bg5 Be6 15.Qd2 Qc7
16.Rfe1 d4 17.Nb6 Ra7 18.Bb5 Nd7 19.Nd5 Qc8 20.Bxc6 bxc6 21.Ne7+ Rxe7 22.Bxe7 Ne5
23.Bd6 Nc4 24.Qf4 Nxb2 25.Reb1 Rb7 26.Nxa5 Rb5 27.Nb3 Na4 28.Nxd4 Nc3 29.Rxb5 cxb5
30.Re1 Bxa2 31.Qe3 Bxd4 32.Qxd4 Nd5 33.Qe5 Nb4 34.Qe8+ Qxe8 35.Rxe8+ Kg7
36.c6  1-0

[Event "Dnepropetrovsk Autumn A"]
[Site "Dnepropetrovsk UKR"]
[Date "2012.09.22"]
[Round "7"]
[White "Tarasova,Viktoriy"]
[Black "Tsiganova,M"]
[Result "1-0"]
[WhiteElo "2315"]
[BlackElo "2179"]

1.d4 Nf6 2.c4 g6 3.Nc3 Bg7 4.e4 d6 5.Nf3 O-O 6.Be2 e5 7.O-O Nbd7 8.Qc2 exd4
9.Nxd4 Nc5 10.Rd1 Nfd7 11.Be3 Re8 12.b4 Na6 13.a3 Ne5 14.h3 Qh4 15.Qd2 h6
16.Rac1 c5 17.Ndb5 Be6 18.Nd5 Bxd5 19.cxd5 Red8 20.f4 g5 21.fxe5 Bxe5 22.Bf2 Qxe4
23.Rc4 Qg6 24.Bd3 Qf6 25.Be3 Re8 26.h4 Bg3 27.hxg5 hxg5 28.Rg4 Rxe3 29.Qxe3 Bf4
30.Qe4 cxb4 31.g3  1-0

[Event "3rd Konig Memorial"]
[Site "San Francisco USA"]
[Date "2012.09.22"]
[Round "1"]
[White "Shankland,S"]
[Black "Naroditsky,D"]
[Result "0-1"]
[WhiteElo "2597"]
[BlackElo "2483"]

1.c4 g6 2.d4 Bg7 3.e4 d6 4.Nc3 Nf6 5.Nf3 O-O 6.Be2 e5 7.O-O Na6 8.Be3 Ng4
9.Bg5 Qe8 10.dxe5 dxe5 11.Qc1 c6 12.h3 Nf6 13.Bh6 Qe7 14.Rd1 Nc5 15.Bxg7 Kxg7
16.Qe3 a5 17.Rd2 b6 18.Rad1 Bb7 19.b3 Rab8 20.Bf1 Ba8 21.g3 Rbc8 22.h4 b5
23.cxb5 cxb5 24.Nd5 Bxd5 25.exd5 Nce4 26.d6 Qb7 27.d7 Nxd2 28.dxc8=Q Nxf3+
29.Qxf3 Qxf3 30.Qc2 b4 31.Rd3 Qf5 32.Qd1 e4 33.Rd6 e3 34.f3 Rc8 35.Rd4 Qc2
36.Qxc2 Rxc2 37.Bc4 Rxa2 38.g4 Rd2 39.Rf4 Nd5 40.Re4 Nb6 41.Bf1 a4 42.bxa4 b3
43.Rxe3 b2 44.Rb3 Nxa4  0-1

[Event "21st TCh-CRO 1a 2012"]
[Site "Sibenik CRO"]
[Date "2012.09.23"]
[Round "1.2"]
[White "Martic,Z"]
[Black "Curic,D"]
[Result "0-1"]
[WhiteElo "2331"]
[BlackElo "2282"]

1.d4 d6 2.c4 g6 3.Nf3 Bg7 4.Nc3 Nf6 5.e4 O-O 6.Be2 e5 7.O-O exd4 8.Nxd4 Re8
9.f3 c6 10.Be3 Nbd7 11.Qd2 d5 12.exd5 cxd5 13.Rad1 Qe7 14.Bf2 dxc4 15.Bxc4 Qb4
16.Bb5 a6 17.a3 Qd6 18.Bc4 b5 19.Ba2 Bb7 20.Qg5 Re5 21.Qc1 Rh5 22.h3 Bh6
23.Nf5 Bxc1 24.Nxd6 Bxb2 25.Nxb7 Bxc3 26.Nd6 Rf8 27.g4 Re5 28.f4 Re2 29.Bb3 Nb8
30.Rd3 Ba5 31.f5 g5 32.Rc1 Kg7 33.Bd4 Nd7 34.Kf1 Re7 35.Bb2 Kg8 36.Nc8 Ree8
37.Nd6 Re7 38.Rc2 Re1+ 39.Kg2 Ne5 40.Bxe5 Rxe5 41.Rc6 Kg7 42.Rxa6 Bc7 43.Ra7 Bxd6
44.Rxd6 Re3 45.Bd1 Rc8 46.h4 gxh4 47.Rb6 h3+ 48.Kh2 Rd8  0-1

[Event "21st TCh-CRO 1b 2012"]
[Site "Sibenik CRO"]
[Date "2012.09.23"]
[Round "1.2"]
[White "Radocaj,D"]
[Black "Grgurevic,B"]
[Result "1/2-1/2"]
[WhiteElo "2316"]
[BlackElo "2234"]

1.d4 Nf6 2.c4 g6 3.Nc3 Bg7 4.e4 d6 5.Nf3 O-O 6.Be2 e5 7.Be3 c6 8.Qd2 Nbd7
9.Rd1 Re8 10.d5 cxd5 11.cxd5 Ng4 12.Bg5 f6 13.Bh4 h5 14.h3 Nh6 15.Qc2 a6
16.Nd2 Nf8 17.f3  1/2-1/2

[Event "21st TCh-CRO 1a 2012"]
[Site "Sibenik CRO"]
[Date "2012.09.23"]
[Round "1.1"]
[White "Bosiocic,Mari"]
[Black "Krstic,U"]
[Result "0-1"]
[WhiteElo "2577"]
[BlackElo "2466"]

1.d4 d6 2.Nf3 Nf6 3.c4 Nbd7 4.Nc3 e5 5.e4 g6 6.Be2 Bg7 7.O-O O-O 8.Qc2 Qe7
9.d5 a5 10.Bg5 h6 11.Bd2 Nh5 12.g3 Nc5 13.b3 Bh3 14.Rfe1 Nf6 15.a3 a4 16.b4 Nb3
17.Rad1 Bd7 18.Nh4 c6 19.dxc6 Nd4 20.Qd3 bxc6 21.Be3 c5 22.b5 Be6 23.Nf3 Nd7
24.Nd5 Bxd5 25.cxd5 f5 26.Nd2 Nxe2+ 27.Rxe2 f4 28.Nc4 fxe3 29.Rxe3 Qf6 30.Rf1 Rab8
31.Na5 h5 32.Nc6 Rb7 33.f4 Kh7 34.Ref3 exf4 35.gxf4 Re8 36.Rg3 Bh6 37.Rgf3 Nb6
38.e5 Qf5 39.Qxf5 gxf5 40.Rh3 Nxd5 41.Rxh5 dxe5 42.fxe5 f4 43.Rd1 Ne7 44.Rd6 Ng8
45.e6 Rxb5 46.e7 Rb7 47.Kf2 c4 48.Ke2 Rc7 49.Kd1 f3 50.Rh3 f2 51.Ke2 c3 52.Rxc3 Nxe7
53.Kxf2 Rf8+ 54.Kg1 Nf5 55.Rd5 Rg7+ 56.Kh1 Ne3  0-1

[Event "21st TCh-CRO w 2012"]
[Site "Sibenik CRO"]
[Date "2012.09.23"]
[Round "1.24"]
[White "Cvitan,Ena"]
[Black "Mrakovcic,K"]
[Result "0-1"]
[WhiteElo "1678"]
[BlackElo "1765"]

1.d4 Nf6 2.c4 d6 3.Nf3 g6 4.Nc3 Bg7 5.e4 O-O 6.Be2 Nbd7 7.O-O e5 8.d5 a5
9.h3 Nc5 10.Bd3 Nxd3 11.Qxd3 h6 12.Be3 Nh5 13.Qd2 g5 14.c5 Nf4 15.Kh2 f5
16.cxd6 cxd6 17.Rac1 Nxg2 18.Bxg5 hxg5 19.Kxg2 g4 20.hxg4 fxg4 21.Nh2 Qh4
22.Qd3 Rf3 23.Qb5 Qh3+ 24.Kh1 Rf8 25.Ne2 Qh7 26.Ng3 Bh6 27.Rc3 Bf4 28.Qe2 Bd7
29.Rg1 Rac8 30.Rb3 b5 31.f3 a4 32.Rd3 b4 33.Nf5 Bxf5 34.exf5 g3 35.Rg2 Rc1+
36.Rd1 Rxd1+ 37.Qxd1 Kh8 38.Qxa4 gxh2 39.Qa6 Qxf5 40.Qf1 Rg8  0-1

[Event "30th Balaton IM"]
[Site "Heviz HUN"]
[Date "2012.09.24"]
[Round "2.1"]
[White "Stips,F"]
[Black "Miturova,M"]
[Result "1/2-1/2"]
[WhiteElo "2221"]
[BlackElo "2150"]

1.d4 Nf6 2.Nf3 g6 3.c4 Bg7 4.Nc3 O-O 5.e4 d6 6.Be2 e5 7.dxe5 dxe5 8.Qxd8 Rxd8
9.Bg5 Rf8 10.Nxe5 Nxe4 11.Nxe4 Bxe5 12.O-O-O Nc6 13.f4 Bd4 14.Nf6+ Kg7 15.Nd5 f6
16.Bh4 Bf5 17.Bf3 Rad8 18.Rhe1 Bc5 19.a3 Rf7 20.b4 Bd6 21.c5 Bf8 22.Kb2 h6
23.g4 Bc8 24.Nxf6 Rxf6 25.Bxf6+ Kxf6 26.Bxc6 Rxd1 27.Rxd1 Bxg4 28.Rg1 bxc6
29.Rxg4 Kf5 30.Rg2 h5 31.Kc3 Bh6 32.h3 Bxf4 33.Kd3 g5 34.Rg1 g4 35.hxg4+ hxg4
36.Ke2 Be5 37.Rf1+ Ke4 38.Rf7 Kd4 39.Re7 Kd5 40.Kd3 g3 41.Re8 Bf4 42.Rg8 Ke5
43.a4 a6 44.Re8+ Kd5 45.Rd8+ Ke5 46.Rg8 Kd5 47.Rg7 Be5 48.Rg5 Ke6 49.Ke4 Bc3
50.b5 cxb5 51.axb5 axb5 52.Rxg3 b4 53.Rg6+ Bf6 54.Kd3 b3 55.Kc4 b2 56.Rg1 c6
57.Re1+ Kd7 58.Kb3 Kc7  1/2-1/2

[Event "21st TCh-CRO 1a 2012"]
[Site "Sibenik CRO"]
[Date "2012.09.24"]
[Round "2.44"]
[White "Bilobrk,F"]
[Black "Ivic,Mat"]
[Result "1-0"]
[WhiteElo "2381"]
[BlackElo "2285"]

1.d4 Nf6 2.c4 g6 3.Nc3 Bg7 4.e4 d6 5.Nf3 O-O 6.Be2 Nbd7 7.O-O e5 8.Qc2 c6
9.Rd1 Qe7 10.Rb1 exd4 11.Nxd4 Nc5 12.f3 a5 13.Bf4 Nh5 14.Nf5 Bxf5 15.Bxd6 Qg5
16.exf5 Qe3+ 17.Kf1 Rfd8 18.Qc1 Qxc1 19.Rbxc1 b6 20.fxg6 hxg6 21.Bc7 Rxd1+
22.Nxd1 Nd7 23.Rc2 Rc8 24.Bd6 Bd4 25.Rd2 c5 26.Nc3 Rc6 27.Nb5 Ng7 28.g4 Ne6
29.Bg3 Rc8 30.f4 Nf6 31.f5 Ne4 32.Rd3 Nxg3+ 33.hxg3 Ng7 34.fxg6 Rd8 35.gxf7+ Kxf7
36.Nxd4 cxd4 37.Bf3 Kf6 38.Bd5 Ke5 39.Rb3 Rd6 40.Ke2 Ne8 41.Rf3 Rf6 42.g5 Rd6
43.g4 Ng7 44.Bf7 Rd8 45.Rf6 Rh8 46.Rh6 Rf8 47.Bd5 b5 48.Rg6 bxc4 49.Bxc4 Rc8
50.Kd3 Rc7 51.Rf6 Rc8 52.Rf7 Ne8 53.Rf8 Nd6 54.Rxc8 Nxc8 55.g6 Kf6 56.Bf7  1-0

[Event "Tatry Open 2012"]
[Site "Tatranske Zruby SVK"]
[Date "2012.09.25"]
[Round "4.40"]
[White "Hujo,J"]
[Black "Marek,Mat"]
[Result "1-0"]
[WhiteElo "2079"]
[BlackElo "1965"]

1.d4 Nf6 2.Nf3 g6 3.c4 Bg7 4.Nc3 O-O 5.e4 d6 6.Be2 e5 7.dxe5 dxe5 8.Qxd8 Rxd8
9.Bg5 Re8 10.Nd5 Nxd5 11.cxd5 c6 12.Bc4 b5 13.Bb3 a5 14.dxc6 Nxc6 15.Bd5 Ra6
16.a3 Bg4 17.Rc1 Nd4 18.Nxd4 exd4 19.Rc7 Be6 20.Bc6 Rxc6 21.Rxc6 Bc4 22.Kd2 d3
23.e5 h6 24.Bf4 Bxe5 25.Bxe5 Rxe5 26.Re1 Rf5 27.f3 a4 28.Re4 Rg5 29.g4 Bd5
30.Rc8+ Kg7 31.Re3 Bc4 32.h4 Rd5 33.Rce8 Rc5 34.R8e5 Rc8 35.Re8 Rc5 36.Rd8 g5
37.h5 Rc6 38.Ree8 Kf6 39.Rh8 Ke7 40.Rc8 Rxc8 41.Rxc8 Kf6 42.Rg8 Bd5 43.Kxd3 Bxf3
44.Rh8 Kg7 45.Rb8 Bxg4 46.Rxb5 Bd1 47.Kd2 Bf3 48.Rc5 g4 49.Ke3 Bd1 50.Kf4 Kf6
51.Rc6+ Kg7 52.Rb6 Kh7 53.Kg3 Kg7 54.Rb4 Kf6 55.Rd4 Bb3 56.Rxg4 Kf5 57.Rg8 Bc2
58.Kh4 Kf6 59.Rh8 Kg7 60.Rc8 Bb3 61.Rc6 Bd1 62.Ra6 Bc2 63.Kg4 Bd1+ 64.Kf5 Bc2+
65.Ke5 Bb3 66.Rf6 Bd1 67.Rf4 Bb3 68.Rg4+ Kh8 69.Kf6 Kh7 70.Rg7+ Kh8 71.Rxf7  1-0

[Event "TCh-SRB Prem 2012"]
[Site "Valjevo SRB"]
[Date "2012.09.25"]
[Round "9.4"]
[White "Sargissian,G"]
[Black "Markovic,Miros1"]
[Result "1-0"]
[WhiteElo "2693"]
[BlackElo "2458"]

1.d4 Nf6 2.c4 g6 3.Nc3 Bg7 4.e4 O-O 5.Nf3 d6 6.Be2 e5 7.O-O exd4 8.Nxd4 Re8
9.f3 c6 10.Nc2 Be6 11.Be3 d5 12.cxd5 cxd5 13.e5 Nfd7 14.f4 Nc6 15.Nd4 Nb6
16.Kh1 Nc4 17.Nxe6 Rxe6 18.Nxd5 Nxe3 19.Nxe3 Qb6 20.Nc4 Qd4 21.Qb3 Re7 22.Nd6 Qb4
23.Bf3 Qxb3 24.axb3 Rb8 25.Rac1 f6 26.Bd5+ Kf8 27.Ne4 f5 28.Nc5 Nd8 29.Rfd1 Ke8
30.b4 Bf8 31.g3 Rc7 32.Ne4 Rbc8 33.Nf6+ Ke7 34.Rxc7+ Rxc7 35.Bb3  1-0

[Event "TCh-SRB Prem 2012"]
[Site "Valjevo SRB"]
[Date "2012.09.25"]
[Round "9.3"]
[White "Arsovic,Z"]
[Black "Zakic,Sr"]
[Result "0-1"]
[WhiteElo "2434"]
[BlackElo "2357"]

1.Nf3 d6 2.d4 Nf6 3.c4 g6 4.Nc3 Bg7 5.e4 O-O 6.Be2 e5 7.Be3 exd4 8.Nxd4 Re8
9.f3 c6 10.Bf2 d5 11.exd5 cxd5 12.O-O Nc6 13.c5 Bf8 14.Kh1 Bd7 15.a3 Nh5
16.Qd2 Bg7 17.Rfd1 Be5 18.g3 Ng7 19.Ncb5 Nf5 20.Bf1 Na5 21.Nxf5 Bxf5 22.Nd4 Nc4
23.Qb4 Bxd4 24.Bxd4 Ne3 25.Qc3 Nxd1 26.Rxd1 Qe7 27.Bb5 Bd7 28.Bh8 f6 29.Bxf6 Qe6
30.Bf1 Qe3 31.Bc4 Bc6 32.Rxd5 Qxc3 33.Bxc3 Kf8 34.Rd3 Rad8 35.Bd4 Re2 36.Kg1 Re7
37.Bg7+ Kxg7 38.Rxd8 Bxf3 39.Kf2 Bc6 40.Rd4 Re5 41.b4 a6 42.Rd6 Rf5+ 43.Ke2 Bg2
44.Be6 Re5+ 45.Kd2 Kh6 46.Bc4 a5 47.Rd7 axb4 48.axb4 Re4 49.Kc3 Re3+ 50.Bd3 Bc6
51.Rd4 Rf3 52.Kc4 Rf2 53.b5 Bg2 54.Rh4+ Kg7 55.Be4 Bf1+ 56.Bd3 Rc2+ 57.Kd4 Rd2
58.c6 Rxd3+ 59.Kc5 bxc6 60.b6 Rb3 61.Rd4 Rb5+ 62.Kxc6 Rb2  0-1

[Event "30th Balaton GM"]
[Site "Heviz HUN"]
[Date "2012.09.26"]
[Round "4.5"]
[White "Czebe,A"]
[Black "Varga,Zo"]
[Result "1/2-1/2"]
[WhiteElo "2491"]
[BlackElo "2455"]

1.d4 Nf6 2.c4 g6 3.Nc3 Bg7 4.e4 O-O 5.Be2 d6 6.Nf3 e5 7.d5 c5 8.O-O Bg4 9.Ne1 Bxe2
10.Qxe2 a6 11.Nd3 Nbd7 12.a4 a5 13.Kh1 Nh5 14.g4 Nhf6 15.Rg1 Kh8 16.Rg3 Ng8
17.Bd2 h6 18.Rag1 Bf6 19.Rh3 Bg5 20.Be3  1/2-1/2

[Event "1st Simon Bolivar Open 2012"]
[Site "San Cristobal VEN"]
[Date "2012.09.26"]
[Round "2.14"]
[White "Miranda Llanes,Y"]
[Black "Almeida Quintana,O"]
[Result "0-1"]
[WhiteElo "2317"]
[BlackElo "2520"]

1.d4 g6 2.c4 Bg7 3.Nc3 d6 4.e4 Nd7 5.Nf3 e5 6.Be2 Ngf6 7.O-O O-O 8.Be3 Re8
9.dxe5 dxe5 10.b4 a5 11.a3 Ng4 12.Bg5 f6 13.Bd2 Nh6 14.h3 Nf7 15.Be3 f5 16.Qb3 f4
17.Bd2 c6 18.Rfd1 Qe7 19.c5 Nf8 20.Bc4 Be6 21.Na4 axb4 22.axb4 g5 23.Bc3 h5
24.Nh2 Kh7 25.Nb6 Rxa1 26.Bxa1 Rd8 27.Qf3 g4 28.hxg4 Ng5 29.Qe2 Bxg4 30.f3 Be6
31.Bc3 Ng6 32.Rxd8 Qxd8 33.Bxe6 Nxe6 34.Nc4 Nd4 35.Qd2 Qg8 36.Nd6 Qb3 37.Kf2 Bf6
38.Bxd4 exd4 39.Nf1 d3 40.Nf5 Qc2  0-1

[Event "21st TCh-CRO 1b 2012"]
[Site "Sibenik CRO"]
[Date "2012.09.26"]
[Round "4.3"]
[White "Komljenovic,D"]
[Black "Ramesa,D"]
[Result "1-0"]
[WhiteElo "2446"]
[BlackElo "2297"]

1.d4 Nf6 2.c4 g6 3.Nc3 Bg7 4.e4 d6 5.Nf3 O-O 6.Be2 Na6 7.O-O e5 8.Re1 c6
9.Bf1 Bg4 10.d5 c5 11.a3 Ne8 12.Be2 Bd7 13.g3 f5 14.exf5 gxf5 15.Bg5 Nf6
16.Qc2 Nc7 17.Nh4 Qc8 18.Bd3 Ng4 19.f3 Nh6 20.Be7 Ne8 21.Bxf8 Kxf8 22.Re2 Bf6
23.Ng2 Ng7 24.Rf1 Kg8 25.Qd2 Nf7 26.Bc2 h5 27.Ba4 a6 28.Bxd7 Qxd7 29.a4 Rf8
30.Kh1 Bd8 31.Qc2 Kh8 32.b3 Nh6 33.Qc1 Kh7 34.Nd1 Qf7 35.Nf2 Qg6 36.Nh3 a5
37.Rg1 Qf6 38.f4 e4 39.Ng5+ Kh8 40.h3 Nf7 41.Nxf7+ Qxf7 42.Ne3 Bf6 43.Qd2 b6
44.Nc2 Re8 45.g4 Bd8 46.Rh2 Qf6 47.Ne3 fxg4 48.hxg4 h4 49.Rf1 Qh6 50.Qc3  1-0

[Event "TCh-SRB Prem 2012"]
[Site "Valjevo SRB"]
[Date "2012.09.26"]
[Round "10.2"]
[White "Ivkov,B"]
[Black "Sargissian,G"]
[Result "1/2-1/2"]
[WhiteElo "2420"]
[BlackElo "2693"]

1.d4 Nf6 2.Nf3 g6 3.c4 Bg7 4.Nc3 O-O 5.e4 d6 6.Be2 Nbd7 7.O-O e5 8.Re1 c6
9.Bf1 a5 10.Rb1 exd4 11.Nxd4 Re8 12.f3 Nc5 13.Be3 a4 14.Qd2 Nh5 15.Rbd1 Be5
16.g4 Ng7 17.Nxc6 bxc6 18.Bxc5 Bxg4 19.Bxd6 Bxf3 20.Bxe5 Qxd2 21.Rxd2 Rxe5
22.Kf2 Bg4 23.h3 Be6 24.Red1 Ne8 25.Rd8 Rea5 26.Rxa8 Rxa8 27.e5 Kf8 28.Bg2 Bxc4
29.Bxc6 Rb8 30.Rd2 Be6 31.Bg2 a3 32.bxa3 Rc8 33.Ne4 Rc4 34.Rd8 Rc2+ 35.Rd2 Rc4
36.Rd8 Rc2+ 37.Rd2 Rc7 38.Nf6 Ke7 39.Ng8+ Kf8 40.Nf6 Ke7 41.Nxh7 Ra7 42.Ng5 Rxa3
43.Nxe6 Kxe6 44.Bd5+ Kxe5 45.Bxf7 Nd6  1/2-1/2

[Event "21st TCh-CRO 1a 2012"]
[Site "Sibenik CRO"]
[Date "2012.09.27"]
[Round "5.16"]
[White "Saric,A"]
[Black "Paljusaj,E"]
[Result "1-0"]
[WhiteElo "2516"]
[BlackElo "2309"]

1.c4 g6 2.e4 Bg7 3.d4 d6 4.Nc3 Nf6 5.Be2 O-O 6.Nf3 e5 7.O-O Na6 8.Re1 Qe8
9.Bg5 exd4 10.Qxd4 Ng4 11.Qd2 Nc5 12.Bf1 f6 13.Bf4 Qf7 14.Nd4 Ne6 15.Nxe6 Bxe6
16.h3 Ne5 17.b3 f5 18.exf5 Qxf5 19.Be3 b6 20.Rac1 Rfe8 21.f4 Nf7 22.g4 Qa5
23.Nb5 Qxd2 24.Bxd2 Rac8 25.Bg2 a5 26.Bb7 Rb8 27.Nxc7 Re7 28.Bd5 Rxc7 29.Rxe6 Bd4+
30.Kg2 Kg7 31.Rce1 Kf8 32.R1e2 Rd7 33.Be1 g5 34.R6e4 Bf6 35.Rf2 Kg7 36.fxg5 Bxg5
37.h4 Bc1 38.Bc3+ Ne5 39.Rxe5  1-0

[Event "21st TCh-CRO w 2012"]
[Site "Sibenik CRO"]
[Date "2012.09.27"]
[Round "6.44"]
[White "Starcevic,A"]
[Black "Mrakovcic,K"]
[Result "0-1"]
[WhiteElo "1865"]
[BlackElo "1765"]

1.c4 Nf6 2.Nc3 d6 3.d4 g6 4.e4 Bg7 5.Nf3 O-O 6.Be2 Nbd7 7.O-O e5 8.Rb1 exd4
9.Nxd4 Nc5 10.Bf3 Re8 11.Re1 a5 12.a3 a4 13.Bg5 Bd7 14.Nd5 Ne6 15.Nxe6 Bxe6
16.Qd3 Rb8 17.Bd1 Ra8 18.Qf3 Bxd5 19.cxd5 h6 20.Bd2 Re7 21.Bc3 Nd7 22.Bxg7 Kxg7
23.Bc2 Nc5 24.Qc3+ f6 25.Re3 g5 26.Rbe1 Re5 27.Rh3 Qe7 28.f4 gxf4 29.Qf3 Rg5
30.Qxf4 Qe5 31.Qxe5 fxe5 32.Rf3 Rf8 33.Rxf8 Kxf8 34.Rf1+ Ke7 35.h3 c6 36.Rf3 cxd5
37.exd5 e4 38.Re3 Re5 39.Kf2 Kf6 40.Ke2 h5 41.b4 axb3 42.Bxb3 Nxb3 43.Rxb3 Rxd5
44.Rxb7 Ke5 45.a4 Rd3 46.Rh7 h4 47.Rxh4 Ra3 48.Rh5+ Kd4 49.g4 Ra2+ 50.Kd1 Rxa4
51.Rf5 Ra1+ 52.Ke2 Rh1 53.Rh5 Rh2+ 54.Ke1 e3 55.h4 Ke4 56.Rh6 d5 57.g5 Kd3
58.Kf1 e2+ 59.Kg1 Rxh4 60.Re6 Kd2 61.Kf2 Rf4+ 62.Kg3 Rf1  0-1